[Event "GBR-ch107 Over 65"]
[Site "Milton Keynes"]
[Date "2021.10.04"]
[Round "1.6"]
[White "Fisher, C Phillip"]
[Black "Milnes, Anthony CP"]
[Result "0-1"]
[WhiteElo "1854"]
[BlackElo "1948"]
[PlyCount "92"]
[EventDate "2021.10.04"]
[EventType "swiss"]
[EventRounds "7"]
[EventCountry "GBR"]
[SourceTitle "BritBase"]
[Source "John Saunders"]
[SourceDate "2021.06.05"]
[SourceVersion "1"]
[SourceVersionDate "2021.06.05"]
[SourceQuality "1"]

1. b3 e5 2. Bb2 Nc6 3. e3 d6 4. c4 f5 5. Nf3 Nf6 6. g3 Be7 7. Bg2 O-O 8. O-O
Qe8 9. d4 e4 10. Ne1 Bd8 11. a3 a5 12. Nc3 Bd7 13. Nc2 Ne7 14. f3 Ng6 15. f4 h5
16. Nd5 Nxd5 17. cxd5 Ne7 18. b4 Nxd5 19. bxa5 Ba4 20. Qd2 Bxc2 21. Qxc2 Ra7
22. a6 Rxa6 23. Rfe1 Ra5 24. Qd2 Qa4 25. Qe2 g6 26. Bf1 Kg7 27. Rab1 Rh8 28.
Rec1 b6 29. Rc4 Qd7 30. Qd2 h4 31. Bc3 Rxa3 32. Qb2 Rxc3 33. Rxc3 Nxc3 34. Qxc3
hxg3 35. hxg3 Qe7 36. Bc4 g5 37. d5+ Kg8 38. Rb2 Qh7 39. Rg2 Qh1+ 40. Kf2 Rh2
41. Rxh2 Qxh2+ 42. Ke1 Qxg3+ 43. Kd1 gxf4 44. Be2 Qxe3 45. Qc6 Qd4+ 46. Ke1
Bh4+ 0-1

[Event "GBR-ch107 Over 65"]
[Site "Milton Keynes"]
[Date "2021.10.04"]
[Round "1.7"]
[White "Valentine, Brian J"]
[Black "Pride, Stephen C"]
[Result "1-0"]
[WhiteElo "1926"]
[BlackElo "1581"]
[PlyCount "79"]
[EventDate "2021.10.04"]
[EventType "swiss"]
[EventRounds "7"]
[EventCountry "GBR"]
[SourceTitle "BritBase"]
[Source "John Saunders"]
[SourceDate "2021.06.05"]
[SourceVersion "1"]
[SourceVersionDate "2021.06.05"]
[SourceQuality "1"]

1. e4 Nf6 2. e5 Ng8 3. d4 d6 4. Nf3 g6 5. Be2 Bg7 6. exd6 cxd6 7. c3 Nf6 8.
Nbd2 Nc6 9. Nc4 d5 10. Nce5 Nxe5 11. Nxe5 O-O 12. O-O Nd7 13. Nd3 b6 14. Bg5 h6
15. Bf4 Bb7 16. h4 e6 17. g3 g5 18. hxg5 hxg5 19. Bd2 Bf6 20. Re1 Kg7 21. Bf3
Rc8 22. Kg2 Rh8 23. Qa4 Bc6 24. Qc2 Qc7 25. Rh1 Rxh1 26. Rxh1 Rh8 27. Rxh8 Kxh8
28. Qc1 Qd8 29. Qh1+ Kg7 30. Qh5 Qh8 31. Qg4 Qd8 32. Nf4 Be7 33. Nxe6+ fxe6 34.
Qxe6 Bb7 35. Bh5 Nf8 36. Qf7+ Kh8 37. f4 Bc8 38. fxg5 Be6 39. Qf4 Nh7 40. Qe5+
1-0

[Event "GBR-ch107 Over 65"]
[Site "Milton Keynes"]
[Date "2021.10.04"]
[Round "1.8"]
[White "Brockes, Jeremy P"]
[Black "Scowen, Roger S"]
[Result "0-1"]
[WhiteElo "1566"]
[BlackElo "1885"]
[PlyCount "64"]
[EventDate "2021.10.04"]
[EventType "swiss"]
[EventRounds "7"]
[EventCountry "GBR"]
[SourceTitle "BritBase"]
[Source "John Saunders"]
[SourceDate "2021.06.05"]
[SourceVersion "1"]
[SourceVersionDate "2021.06.05"]
[SourceQuality "1"]

1. Nf3 d5 2. d4 c6 3. c4 e6 4. e3 f5 5. Nc3 Nf6 6. g3 Be7 7. Bg2 O-O 8. O-O Ne4
9. Ne5 Nxc3 10. bxc3 Nd7 11. Nxd7 Bxd7 12. f3 dxc4 13. Qe2 b5 14. e4 Rc8 15.
Be3 Qa5 16. Bd2 c5 17. exf5 cxd4 18. cxd4 c3 19. Bf4 b4 20. Rfe1 Qxf5 21. Rac1
a5 22. Qf2 a4 23. Re5 Qd3 24. Bf1 Qg6 25. Qe3 Bd6 26. Bd3 Qf6 27. Qe4 g6 28.
Bh6 Bxe5 29. dxe5 Qxf3 30. Bxf8 Qxe4 31. Bxe4 Kxf8 32. Kf2 b3 0-1

[Event "GBR-ch107 Over 65"]
[Site "Milton Keynes"]
[Date "2021.10.05"]
[Round "2.1"]
[White "Scowen, Roger S"]
[Black "Jackson, Oliver A"]
[Result "0-1"]
[WhiteElo "1885"]
[BlackElo "2112"]
[PlyCount "60"]
[EventDate "2021.10.04"]
[EventType "swiss"]
[EventRounds "7"]
[EventCountry "GBR"]
[SourceTitle "BritBase"]
[Source "John Saunders"]
[SourceDate "2021.06.05"]
[SourceVersion "1"]
[SourceVersionDate "2021.06.05"]
[SourceQuality "1"]

1. e4 c5 2. Nf3 e6 3. d4 cxd4 4. Nxd4 a6 5. c4 Nf6 6. f3 Qc7 7. Nc3 Nc6 8. Be3
Ne5 9. Qb3 d6 10. Be2 Be7 11. O-O O-O 12. Rac1 Bd7 13. Rfd1 Kh8 14. h3 Rae8 15.
f4 Ng6 16. g4 h6 17. g5 hxg5 18. fxg5 Nh7 19. Nf3 Nxg5 20. Nxg5 Bxg5 21. Bxg5
Qc5+ 22. Kh1 Qxg5 23. Qxb7 Ne5 24. Qa7 f5 25. Qg1 Qh4 26. Rxd6 fxe4 27. Rf1 Bc6
28. Rxe6 Qxh3+ 29. Qh2 Rxf1+ 30. Bxf1 Qxh2+ 0-1

[Event "GBR-ch107 Over 65"]
[Site "Milton Keynes"]
[Date "2021.10.05"]
[Round "2.2"]
[White "Myall, Ivan J"]
[Black "Valentine, Brian J"]
[Result "1/2-1/2"]
[WhiteElo "2011"]
[BlackElo "1926"]
[PlyCount "91"]
[EventDate "2021.10.04"]
[EventType "swiss"]
[EventRounds "7"]
[EventCountry "GBR"]
[SourceTitle "BritBase"]
[Source "John Saunders"]
[SourceDate "2021.06.05"]
[SourceVersion "1"]
[SourceVersionDate "2021.06.05"]
[SourceQuality "1"]

1. e4 e5 2. Nf3 Nc6 3. Bb5 a6 4. Ba4 Nf6 5. O-O b5 6. Bb3 Bc5 7. c3 d6 8. d4
Bb6 9. a4 Rb8 10. Bg5 h6 11. Bxf6 Qxf6 12. axb5 axb5 13. d5 Ne7 14. Qd3 O-O 15.
Nbd2 Ng6 16. g3 Bh3 17. Rfe1 Nf4 18. Qb1 h5 19. gxf4 Qg6+ 20. Ng5 exf4 21. Ndf3
f6 22. Bc2 fxg5 23. e5 Bf5 24. Bxf5 Qxf5 25. Qxf5 Rxf5 26. exd6 cxd6 27. Rad1
g4 28. Nh4 Rf6 29. Re6 g3 30. hxg3 fxg3 31. Rxf6 gxf6 32. Nf5 gxf2+ 33. Kf1 Kh7
34. Nxd6 Rg8 35. Ke2 Rg1 36. Rf1 b4 37. Ne4 bxc3 38. bxc3 Kg6 39. Nxf2 Rxf1 40.
Kxf1 Kf5 41. Ke2 Ke5 42. Nd3+ Ke4 43. c4 Kd4 44. Nf4 h4 45. Nh5 Bd8 46. Nxf6
1/2-1/2

[Event "GBR-ch107 Over 65"]
[Site "Milton Keynes"]
[Date "2021.10.05"]
[Round "2.3"]
[White "McKenna, John R"]
[Black "Reuben, Stewart"]
[Result "0-1"]
[WhiteElo "1557"]
[BlackElo "1991"]
[PlyCount "64"]
[EventDate "2021.10.04"]
[EventType "swiss"]
[EventRounds "7"]
[EventCountry "GBR"]
[SourceTitle "BritBase"]
[Source "John Saunders"]
[SourceDate "2021.06.05"]
[SourceVersion "1"]
[SourceVersionDate "2021.06.05"]
[SourceQuality "1"]

1. d4 Nf6 2. Nf3 c5 3. e3 e6 4. Bd3 Nc6 5. a3 Qc7 6. b3 cxd4 7. exd4 d5 8. O-O
Bd6 9. Nbd2 Nxd4 10. Nxd4 Qc3 11. Rb1 Qxd4 12. Nf3 Qb6 13. Bb2 O-O 14. Bxf6
gxf6 15. Qc1 Kg7 16. Ng5 h6 17. Nh3 e5 18. Kh1 Qd4 19. f4 e4 20. Be2 Bxh3 21.
gxh3 e3 22. c3 Qe4+ 23. Rf3 Bxf4 24. Qg1+ Kh8 25. Rd1 Rg8 26. Qf1 Be5 27. Rd3
d4 28. cxd4 Bxd4 29. Qc1 Rac8 30. Qd1 Bb6 31. Rd7 Rcd8 32. Rxd8 Rxd8 0-1

[Event "GBR-ch107 Over 65"]
[Site "Milton Keynes"]
[Date "2021.10.05"]
[Round "2.4"]
[White "Milnes, Anthony CP"]
[Black "De Coverly, Roger D"]
[Result "1/2-1/2"]
[WhiteElo "1948"]
[BlackElo "1863"]
[PlyCount "73"]
[EventDate "2021.10.04"]
[EventType "swiss"]
[EventRounds "7"]
[EventCountry "GBR"]
[SourceTitle "BritBase"]
[Source "John Saunders"]
[SourceDate "2021.06.05"]
[SourceVersion "1"]
[SourceVersionDate "2021.06.05"]
[SourceQuality "1"]

1. f4 Nf6 2. Nf3 g6 3. e3 Bg7 4. Be2 O-O 5. O-O c5 6. d3 d6 7. Nc3 Nc6 8. Qe1
Rb8 9. a4 a6 10. e4 b5 11. axb5 axb5 12. Bd1 b4 13. Ne2 Qb6 14. Ng3 Ba6 15. Kh1
Nd7 16. f5 b3 17. c4 e6 18. Ra3 Nb4 19. Rxb3 d5 20. Qe2 dxc4 21. dxc4 exf5 22.
exf5 Rbe8 23. Re3 Nf6 24. b3 Nbd5 25. Rxe8 Rxe8 26. Qc2 Nb4 27. Qb1 Qd6 28.
fxg6 fxg6 29. Ng5 Bb7 30. Bf3 Bxf3 31. Nxf3 Qd3 32. Bd2 Rb8 33. Bxb4 Qxb1 34.
Rxb1 Rxb4 35. Ne5 Rb7 36. Nd3 Nd7 37. Ne4 1/2-1/2

[Event "GBR-ch107 Over 65"]
[Site "Milton Keynes"]
[Date "2021.10.05"]
[Round "2.5"]
[White "Taylor, Robert K"]
[Black "Bray, Dave J"]
[Result "0-1"]
[WhiteElo "1938"]
[BlackElo "2037"]
[PlyCount "84"]
[EventDate "2021.10.04"]
[EventType "swiss"]
[EventRounds "7"]
[EventCountry "GBR"]
[SourceTitle "BritBase"]
[Source "John Saunders"]
[SourceDate "2021.06.05"]
[SourceVersion "1"]
[SourceVersionDate "2021.06.05"]
[SourceQuality "1"]

1. e4 c5 2. Nf3 e6 3. c4 Nc6 4. Nc3 Nf6 5. d3 d6 6. g3 Be7 7. Bg2 O-O 8. O-O a6
9. Ne1 Rb8 10. a4 Nd4 11. Be3 Bd7 12. f4 e5 13. f5 b5 14. Rf2 bxa4 15. Bxd4
cxd4 16. Nxa4 Rb4 17. Bf3 Qe8 18. b3 Qb8 19. Ra3 Bxa4 20. Rxa4 Rxb3 21. Rfa2
Rb1 22. Qe2 d5 23. Kg2 dxc4 24. Rxc4 Rc8 25. Rb2 Rxb2 26. Rxc8+ Qxc8 27. Qxb2
Qc3 28. Qb8+ Bf8 29. Kf1 Nd7 30. Qe8 Nc5 31. Bh5 g6 32. fxg6 hxg6 33. Be2 a5
34. Qxe5 a4 35. Nf3 Qc1+ 36. Kg2 a3 37. Ng5 Qe3 38. Qf6 Qxe2+ 39. Kg1 Qd1+ 40.
Kg2 Qb3 41. h4 Nd7 42. Qxd4 Qb2+ 0-1

[Event "GBR-ch107 Over 65"]
[Site "Milton Keynes"]
[Date "2021.10.05"]
[Round "2.6"]
[White "O'Gorman, Brendan"]
[Black "Stimpson, Philip M"]
[Result "0-1"]
[WhiteElo "1691"]
[BlackElo "1949"]
[PlyCount "46"]
[EventDate "2021.10.04"]
[EventType "swiss"]
[EventRounds "7"]
[EventCountry "GBR"]
[SourceTitle "BritBase"]
[Source "John Saunders"]
[SourceDate "2021.06.05"]
[SourceVersion "1"]
[SourceVersionDate "2021.06.05"]
[SourceQuality "1"]

1. c4 e5 2. Nc3 Bb4 3. g3 f5 4. Bg2 Nf6 5. Qc2 Bxc3 6. Qxc3 d6 7. d3 O-O 8. Nf3
Qe8 9. O-O Nc6 10. b4 Qh5 11. b5 Ne7 12. Bb2 Ng6 13. e3 f4 14. exf4 exf4 15.
Rae1 Bh3 16. Bxh3 Qxh3 17. Ng5 Qg4 18. Ne4 f3 19. Re3 Ne5 20. Nd2 Nh5 21. d4
Nf4 22. Nxf3 Nxf3+ 23. Rxf3 Ne2+ 0-1

[Event "GBR-ch107 Over 65"]
[Site "Milton Keynes"]
[Date "2021.10.05"]
[Round "2.7"]
[White "Ingham, H William"]
[Black "Habershon, Paul F"]
[Result "0-1"]
[WhiteElo "1855"]
[BlackElo "1977"]
[PlyCount "56"]
[EventDate "2021.10.04"]
[EventType "swiss"]
[EventRounds "7"]
[EventCountry "GBR"]
[SourceTitle "BritBase"]
[Source "John Saunders"]
[SourceDate "2021.06.05"]
[SourceVersion "1"]
[SourceVersionDate "2021.06.05"]
[SourceQuality "1"]

1. d4 Nf6 2. Nf3 d6 3. Bf4 g6 4. c4 Bg7 5. e3 O-O 6. Be2 Nbd7 7. Qc2 c5 8. Nc3
cxd4 9. exd4 b6 10. O-O Bb7 11. Rac1 Rc8 12. b4 Bxf3 13. gxf3 Nh5 14. Be3 f5
15. f4 Nhf6 16. Qb3 Kh8 17. Bf3 e5 18. Rfd1 e4 19. Bg2 Qe7 20. Ne2 Nh5 21. d5
g5 22. Ng3 Nxf4 23. Bxf4 gxf4 24. Nf1 f3 25. Bxf3 exf3 26. Qxf3 Ne5 27. Qf4 Qf6
28. Ng3 Bh6 0-1

[Event "GBR-ch107 Over 65"]
[Site "Milton Keynes"]
[Date "2021.10.05"]
[Round "2.8"]
[White "Calvert, D Ian"]
[Black "Fisher, C Phillip"]
[Result "1/2-1/2"]
[WhiteElo "1881"]
[BlackElo "1854"]
[PlyCount "90"]
[EventDate "2021.10.04"]
[EventType "swiss"]
[EventRounds "7"]
[EventCountry "GBR"]
[SourceTitle "BritBase"]
[Source "John Saunders"]
[SourceDate "2021.06.05"]
[SourceVersion "1"]
[SourceVersionDate "2021.06.05"]
[SourceQuality "1"]

1. d4 b6 2. Nf3 Bb7 3. g3 d6 4. Bg2 g6 5. O-O Bg7 6. c4 e6 7. Nc3 Ne7 8. b3 c5
9. Bb2 cxd4 10. Nxd4 Bxg2 11. Kxg2 O-O 12. e3 a6 13. Qe2 Nbc6 14. Rfd1 Qc7 15.
Rac1 Nxd4 16. exd4 Qb7+ 17. Kg1 d5 18. Ba3 Rfe8 19. Bxe7 Rxe7 20. cxd5 exd5 21.
Qf3 Rd7 22. Ne2 Re7 23. Rc2 Rae8 24. Nc3 Re1+ 25. Rxe1 Rxe1+ 26. Kg2 Bxd4 27.
Nxd5 Qd7 28. Rd2 Qb5 29. Ne3 Bxe3 30. fxe3 Kg7 31. Rf2 Qd7 32. e4 Rc1 33. Qf6+
Kg8 34. Qxb6 Rc6 35. Qe3 Re6 36. Re2 Qe7 37. Qd3 Rd6 38. Qc4 Re6 39. b4 Re5 40.
a4 Kg7 41. b5 axb5 42. axb5 Qb7 43. Qd4 Qxb5 44. Rb2 Qc5 45. Qxc5 Rxc5 1/2-1/2

[Event "GBR-ch107 Over 65"]
[Site "Milton Keynes"]
[Date "2021.10.05"]
[Round "2.9"]
[White "Pride, Stephen C"]
[Black "Gamble, Raymond J"]
[Result "1/2-1/2"]
[WhiteElo "1581"]
[BlackElo "1871"]
[PlyCount "45"]
[EventDate "2021.10.04"]
[EventType "swiss"]
[EventRounds "7"]
[EventCountry "GBR"]
[SourceTitle "BritBase"]
[Source "John Saunders"]
[SourceDate "2021.06.05"]
[SourceVersion "1"]
[SourceVersionDate "2021.06.05"]
[SourceQuality "1"]

1. c3 Nf6 2. Qa4 e6 3. g4 h6 4. Bg2 Be7 5. d3 Nc6 6. Nd2 a6 7. h3 b5 8. Qc2 Bb7
9. Ngf3 Ne5 10. O-O Nxf3+ 11. Nxf3 c5 12. e4 d6 13. Re1 e5 14. Bd2 Qd7 15. b3
Rb8 16. a4 Bc6 17. axb5 axb5 18. c4 b4 19. Ra5 Ra8 20. Rea1 Rxa5 21. Rxa5 O-O
22. Qa2 Rc8 23. Ra7 1/2-1/2

[Event "GBR-ch107 Over 65"]
[Site "Milton Keynes"]
[Date "2021.10.05"]
[Round "2.10"]
[White "Foster, Brian E"]
[Black "Brockes, Jeremy P"]
[Result "1/2-1/2"]
[WhiteElo "1868"]
[BlackElo "1566"]
[PlyCount "65"]
[EventDate "2021.10.04"]
[EventType "swiss"]
[EventRounds "7"]
[EventCountry "GBR"]
[SourceTitle "BritBase"]
[Source "John Saunders"]
[SourceDate "2021.06.05"]
[SourceVersion "1"]
[SourceVersionDate "2021.06.05"]
[SourceQuality "1"]

1. d4 Nf6 2. c4 g6 3. Nc3 Bg7 4. e4 d6 5. Nf3 O-O 6. Be2 Bg4 7. O-O Nfd7 8. Be3
Bxf3 9. Bxf3 Nc6 10. Rc1 e5 11. d5 Ne7 12. Qd2 f5 13. Bh6 Rf7 14. Bxg7 Rxg7 15.
g3 a6 16. Bg2 Qf8 17. Bh3 Kh8 18. b3 Nf6 19. Rce1 Re8 20. Qd3 f4 21. Nb1 g5 22.
Be6 Ng6 23. Nd2 g4 24. Kg2 h5 25. f3 Qe7 26. Rh1 gxf3+ 27. Nxf3 Ng4 28. h3 Ne3+
29. Kf2 Qf6 30. g4 Nf8 31. g5 Nxe6 32. dxe6 Qxg5 33. Reg1 1/2-1/2

[Event "GBR-ch107 Over 65"]
[Site "Milton Keynes"]
[Date "2021.10.06"]
[Round "3.1"]
[White "Jackson, Oliver A"]
[Black "Reuben, Stewart"]
[Result "1-0"]
[WhiteElo "2112"]
[BlackElo "1991"]
[PlyCount "57"]
[EventDate "2021.10.04"]
[EventType "swiss"]
[EventRounds "7"]
[EventCountry "GBR"]
[SourceTitle "BritBase"]
[Source "John Saunders"]
[SourceDate "2021.06.05"]
[SourceVersion "1"]
[SourceVersionDate "2021.06.05"]
[SourceQuality "1"]

1. e4 c5 2. Nc3 g6 3. f4 Bg7 4. Nf3 Nc6 5. Bb5 Nd4 6. O-O Nxb5 7. Nxb5 d6 8. d3
Bd7 9. a4 a6 10. Nc3 e6 11. f5 Ne7 12. f6 Bxf6 13. e5 Bg7 14. Ne4 Nc8 15. Bg5
Qc7 16. Nf6+ Kf8 17. d4 Bc6 18. d5 Bxd5 19. Nxd5 exd5 20. Qxd5 dxe5 21. Be3 Ne7
22. Bxc5 Rd8 23. Qc4 Rc8 24. b4 Ke8 25. Ng5 Nf5 26. Ne6 fxe6 27. Qxe6+ Kd8 28.
Rxf5 Qxc5+ 29. bxc5 1-0

[Event "GBR-ch107 Over 65"]
[Site "Milton Keynes"]
[Date "2021.10.06"]
[Round "3.2"]
[White "Bray, Dave J"]
[Black "Milnes, Anthony CP"]
[Result "0-1"]
[WhiteElo "2037"]
[BlackElo "1948"]
[PlyCount "62"]
[EventDate "2021.10.04"]
[EventType "swiss"]
[EventRounds "7"]
[EventCountry "GBR"]
[SourceTitle "BritBase"]
[Source "John Saunders"]
[SourceDate "2021.06.05"]
[SourceVersion "1"]
[SourceVersionDate "2021.06.05"]
[SourceQuality "1"]

1. Nf3 e6 2. g3 f5 3. Bg2 Nf6 4. d4 Be7 5. c4 O-O 6. O-O d6 7. Nc3 Ne4 8. Nxe4
fxe4 9. Ne1 d5 10. f3 dxc4 11. fxe4 Rxf1+ 12. Kxf1 e5 13. d5 Nd7 14. Nf3 b5 15.
a4 b4 16. Qc2 Ba6 17. Nd2 Bc5 18. Nxc4 Qf6+ 19. Bf3 g5 20. g4 h5 21. h3 hxg4
22. hxg4 Qh6 23. Be3 Rf8 24. Bxc5 Qh3+ 25. Ke1 Nxc5 26. Nd2 Qg3+ 27. Kf1 Rxf3+
28. Nxf3 Qxf3+ 29. Kg1 Bxe2 30. Qxc5 Qg3+ 31. Kh1 Bf3# 0-1

[Event "GBR-ch107 Over 65"]
[Site "Milton Keynes"]
[Date "2021.10.06"]
[Round "3.3"]
[White "De Coverly, Roger D"]
[Black "Myall, Ivan J"]
[Result "1-0"]
[WhiteElo "1863"]
[BlackElo "2011"]
[PlyCount "115"]
[EventDate "2021.10.04"]
[EventType "swiss"]
[EventRounds "7"]
[EventCountry "GBR"]
[SourceTitle "BritBase"]
[Source "John Saunders"]
[SourceDate "2021.06.05"]
[SourceVersion "1"]
[SourceVersionDate "2021.06.05"]
[SourceQuality "1"]

1. d4 d5 2. c4 c6 3. Nf3 e6 4. Nc3 dxc4 5. a4 Bb4 6. g3 Nf6 7. Bg2 Nbd7 8. O-O
O-O 9. Qc2 a5 10. Rd1 Qe7 11. Na2 Bd6 12. e4 e5 13. dxe5 Nxe5 14. Nxe5 Bxe5 15.
Qxc4 Be6 16. Qc2 Rad8 17. Nc3 Qb4 18. Rxd8 Rxd8 19. Bd2 Bb3 20. Qc1 Qd6 21. Be3
Ng4 22. Bb6 Bd4 23. Bxd4 Qxd4 24. Qe1 Qd2 25. h3 Ne5 26. f4 Nc4 27. e5 Ne3 28.
Be4 Nd1 29. Qxd2 Rxd2 30. Ra3 Nxc3 31. bxc3 Rd1+ 32. Kf2 Bc4 33. Bf3 Rb1 34.
Ke3 Rb3 35. Ra1 Rxc3+ 36. Kf2 Bb3 37. Bd1 Kf8 38. Ra3 Bxd1 39. Rxc3 Bxa4 40.
Ke3 Ke7 41. f5 b6 42. g4 c5 43. g5 Bd7 44. Kf4 g6 45. f6+ Ke8 46. Rd3 c4 47.
Rd6 c3 48. Rxb6 Kd8 49. Ke3 Bf5 50. Ra6 Bxh3 51. Ra8+ Kd7 52. Kd3 Ke6 53. Rxa5
Kf5 54. Ra7 Kxg5 55. Rxf7 Kh6 56. Re7 g5 57. Kxc3 g4 58. Rg7 1-0

[Event "GBR-ch107 Over 65"]
[Site "Milton Keynes"]
[Date "2021.10.06"]
[Round "3.4"]
[White "Stimpson, Philip M"]
[Black "Valentine, Brian J"]
[Result "1/2-1/2"]
[WhiteElo "1949"]
[BlackElo "1926"]
[PlyCount "107"]
[EventDate "2021.10.04"]
[EventType "swiss"]
[EventRounds "7"]
[EventCountry "GBR"]
[SourceTitle "BritBase"]
[Source "John Saunders"]
[SourceDate "2021.06.05"]
[SourceVersion "1"]
[SourceVersionDate "2021.06.05"]
[SourceQuality "1"]

1. d4 Nf6 2. Nc3 d5 3. Bf4 e6 4. e3 Bb4 5. Bd3 O-O 6. a3 Be7 7. Nb5 Na6 8. b4
c6 9. Nc3 b6 10. Nf3 Nb8 11. Ne5 Bb7 12. Na4 c5 13. c3 c4 14. Bc2 Nbd7 15. O-O
Rc8 16. Qf3 Ne4 17. Qh3 Ndf6 18. f3 Nd6 19. Nb2 g6 20. g4 Nd7 21. Qh6 Nxe5 22.
Bxe5 Ne8 23. Qh3 f6 24. Bg3 Bd6 25. f4 f5 26. g5 Rf7 27. Qg2 Bf8 28. h4 Nd6 29.
Kf2 Bc6 30. a4 Be8 31. Rh1 Ne4+ 32. Bxe4 fxe4 33. Ke2 Bd6 34. Nd1 Rcc7 35. Nf2
Rb7 36. Ng4 Rg7 37. Qh3 Kf7 38. h5 Ke7 39. Nf6 a6 40. h6 Rf7 41. f5 exf5 42.
Nxd5+ Kf8 43. Nf4 Bxf4 44. Bxf4 Qd5 45. Qg3 Bd7 46. Bd6+ Kg8 47. Qe5 Qxe5 48.
Bxe5 Be6 49. Kf2 Bd5 50. Kg3 Rfe7 51. Kf4 Kf7 52. Rhb1 Ke6 53. Bf6 Re8 54. Be5
1/2-1/2

[Event "GBR-ch107 Over 65"]
[Site "Milton Keynes"]
[Date "2021.10.06"]
[Round "3.5"]
[White "Habershon, Paul F"]
[Black "McKenna, John R"]
[Result "1-0"]
[WhiteElo "1977"]
[BlackElo "1557"]
[PlyCount "79"]
[EventDate "2021.10.04"]
[EventType "swiss"]
[EventRounds "7"]
[EventCountry "GBR"]
[SourceTitle "BritBase"]
[Source "John Saunders"]
[SourceDate "2021.06.05"]
[SourceVersion "1"]
[SourceVersionDate "2021.06.05"]
[SourceQuality "1"]

1. e4 d5 2. exd5 Qxd5 3. Nc3 Qa5 4. d4 Nf6 5. Bd3 Bf5 6. Qf3 Bxd3 7. Qxb7 c5 8.
Qxa8 Nfd7 9. cxd3 cxd4 10. Qb7 dxc3 11. Qc8+ Qd8 12. Qxd8+ Kxd8 13. bxc3 g6 14.
Be3 Bg7 15. Kd2 Nc6 16. Nf3 Kc7 17. Rab1 Rd8 18. Rhe1 e5 19. Ng5 Nb6 20. Kc2
Rd7 21. Ne4 Nd5 22. Nc5 Nxe3+ 23. fxe3 Rd5 24. Rb7+ Kc8 25. Rxf7 Bh6 26. Ne4
Rd7 27. Rxd7 Kxd7 28. Kd2 Ne7 29. g4 Nd5 30. g5 Bf8 31. Rf1 Ke8 32. h4 Ba3 33.
Rb1 Nb6 34. Nf6+ Kf7 35. Nxh7 e4 36. Nf6 exd3 37. Kxd3 Bd6 38. Rf1 Ke6 39. Ne4
Be5 40. c4 1-0

[Event "GBR-ch107 Over 65"]
[Site "Milton Keynes"]
[Date "2021.10.06"]
[Round "3.6"]
[White "Scowen, Roger S"]
[Black "Taylor, Robert K"]
[Result "0-1"]
[WhiteElo "1885"]
[BlackElo "1938"]
[PlyCount "78"]
[EventDate "2021.10.04"]
[EventType "swiss"]
[EventRounds "7"]
[EventCountry "GBR"]
[SourceTitle "BritBase"]
[Source "John Saunders"]
[SourceDate "2021.06.05"]
[SourceVersion "1"]
[SourceVersionDate "2021.06.05"]
[SourceQuality "1"]

1. e4 c5 2. Nf3 Nc6 3. d4 cxd4 4. Nxd4 g6 5. Be3 Bg7 6. Nc3 Nf6 7. Be2 O-O 8.
O-O d6 9. Qd2 Ng4 10. Nxc6 bxc6 11. Bf4 Rb8 12. h3 Ne5 13. Rab1 Re8 14. Bh6 Bh8
15. Be3 Qc7 16. Rfd1 Be6 17. Bd4 f6 18. Bxe5 fxe5 19. b3 Bg7 20. Bf3 Rf8 21.
Kh2 h5 22. Qe3 Kh7 23. Ne2 Rf7 24. c4 Rbf8 25. Ng1 c5 26. Rb2 Qd7 27. Rf1 Bh6
28. Qe2 Rf4 29. g3 R4f7 30. Bg2 Qe8 31. h4 Bg4 32. f3 Bd7 33. Bh3 g5 34. Bxd7
Qxd7 35. hxg5 Bxg5 36. f4 Qg4 37. Qxg4 hxg4 38. f5 e6 39. Rd1 exf5 0-1

[Event "GBR-ch107 Over 65"]
[Site "Milton Keynes"]
[Date "2021.10.06"]
[Round "3.7"]
[White "Ingham, H William"]
[Black "Calvert, D Ian"]
[Result "1/2-1/2"]
[WhiteElo "1855"]
[BlackElo "1881"]
[PlyCount "69"]
[EventDate "2021.10.04"]
[EventType "swiss"]
[EventRounds "7"]
[EventCountry "GBR"]
[SourceTitle "BritBase"]
[Source "John Saunders"]
[SourceDate "2021.06.05"]
[SourceVersion "1"]
[SourceVersionDate "2021.06.05"]
[SourceQuality "1"]

1. d4 d5 2. Nf3 Nf6 3. e3 c6 4. c4 g6 5. cxd5 cxd5 6. Nc3 Bg7 7. Bd3 O-O 8. h3
Nc6 9. a3 b6 10. b4 Bb7 11. O-O Rc8 12. Bb2 e6 13. Rc1 Qe7 14. Qe2 Rfd8 15. Rc2
Ne8 16. Bb5 Nd6 17. Rfc1 Nxb5 18. Qxb5 Nb8 19. Qe2 Ba6 20. b5 Bb7 21. Na2 Qe8
22. Ne5 Rxc2 23. Rxc2 Rc8 24. Nb4 Bxe5 25. dxe5 Rxc2 26. Qxc2 Qc8 27. Qa4 a5
28. bxa6 Nxa6 29. Nxa6 Bxa6 30. Bd4 b5 31. Qa5 h5 32. h4 Kg7 33. Kh2 Kg8 34.
Kg1 Kg7 35. Kh2 1/2-1/2

[Event "GBR-ch107 Over 65"]
[Site "Milton Keynes"]
[Date "2021.10.06"]
[Round "3.8"]
[White "Gamble, Raymond J"]
[Black "O'Gorman, Brendan"]
[Result "0-1"]
[WhiteElo "1871"]
[BlackElo "1691"]
[PlyCount "74"]
[EventDate "2021.10.04"]
[EventType "swiss"]
[EventRounds "7"]
[EventCountry "GBR"]
[SourceTitle "BritBase"]
[Source "John Saunders"]
[SourceDate "2021.06.05"]
[SourceVersion "1"]
[SourceVersionDate "2021.06.05"]
[SourceQuality "1"]

1. d4 Nf6 2. Nf3 d5 3. e3 g6 4. Bd3 Bg7 5. Nbd2 c5 6. c3 Nbd7 7. O-O O-O 8. e4
dxe4 9. Nxe4 cxd4 10. Nxd4 Nxe4 11. Bxe4 Nf6 12. Bc2 e5 13. Nb3 Qc7 14. Qe2 b6
15. Re1 Re8 16. f3 a5 17. Bg5 Ba6 18. Bd3 Bxd3 19. Qxd3 e4 20. fxe4 Ng4 21. g3
Ne5 22. Qe2 h6 23. Bf4 g5 24. Be3 Nc4 25. Bd4 a4 26. Bxg7 Kxg7 27. Nd4 Re5 28.
Nf5+ Kh7 29. Rad1 Rae8 30. Qh5 Qc5+ 31. Kh1 Qf8 32. Rd7 Rxf5 33. b3 axb3 34.
axb3 Ne5 35. Rb7 Rf6 36. Ra1 Qc5 37. h4 g4 0-1

[Event "GBR-ch107 Over 65"]
[Site "Milton Keynes"]
[Date "2021.10.06"]
[Round "3.9"]
[White "Fisher, C Phillip"]
[Black "Foster, Brian E"]
[Result "1-0"]
[WhiteElo "1854"]
[BlackElo "1868"]
[PlyCount "99"]
[EventDate "2021.10.04"]
[EventType "swiss"]
[EventRounds "7"]
[EventCountry "GBR"]
[SourceTitle "BritBase"]
[Source "John Saunders"]
[SourceDate "2021.06.05"]
[SourceVersion "1"]
[SourceVersionDate "2021.06.05"]
[SourceQuality "1"]

1. b3 e5 2. Bb2 Nc6 3. e3 d5 4. Bb5 e4 5. c4 Be6 6. Ne2 a6 7. Bxc6+ bxc6 8. c5
Nf6 9. Nd4 Bd7 10. b4 Be7 11. Qa4 O-O 12. Nxc6 Qe8 13. Nxe7+ Qxe7 14. Qc2 c6
15. h3 Ne8 16. Nc3 f5 17. O-O-O Nc7 18. Na4 Be6 19. Rdg1 a5 20. Nb6 Ra6 21. a3
axb4 22. axb4 Nb5 23. g4 Na3 24. Qc3 Nc4 25. Nxc4 dxc4 26. gxf5 Ra7 27. fxe6
Kh8 28. Rxg7 Qxg7 29. Qxg7+ Rxg7 30. Rg1 Rfg8 31. e7 h5 32. Rxg7 Re8 33. Rg5+
Kh7 34. Rxh5+ Kg6 35. Re5 Kf7 36. Rxe4 Rxe7 37. Rxe7+ Kxe7 38. Kc2 Ke6 39. Kc3
Kd5 40. h4 Ke4 41. Kxc4 Kf3 42. h5 Kxf2 43. h6 Ke2 44. h7 Kxd2 45. h8=Q Kxe3
46. Qh4 Kd2 47. Qh3 Kc2 48. Qg2+ Kd1 49. Kd3 Ke1 50. Qe2# 1-0